Reports on the geological survey of the state of Missouri. (Record no. 24448)

MARC details
000 -LEADER
fixed length control field 01064nam a22002531 4500
001 - CONTROL NUMBER
control field gs 06000610
003 - CONTROL NUMBER IDENTIFIER
control field DLC
005 - DATE AND TIME OF LATEST TRANSACTION
control field 20260227111304.0
008 - FIXED-LENGTH DATA ELEMENTS--GENERAL INFORMATION
fixed length control field 900504s1873 moubf 00010 eng c
010 ## - LIBRARY OF CONGRESS CONTROL NUMBER
LC control number gs 06000610 //r902
040 ## - CATALOGING SOURCE
Original cataloging agency U.S. Geol. Survey Libr./ICU
Transcribing agency ICU
043 ## - GEOGRAPHIC AREA CODE
Geographic area code n-us-mo
050 00 - LIBRARY OF CONGRESS CALL NUMBER
Classification number QE131
Item number .A111
110 10 - MAIN ENTRY--CORPORATE NAME
Corporate name or jurisdiction name as entry element Missouri.
Subordinate unit Bureau of Geology and Mines.
245 10 - TITLE STATEMENT
Title Reports on the geological survey of the state of Missouri.
Remainder of title 1855-1871.
Statement of responsibility, etc. By G.C. Broadhead, F.B. Meek and B.F. Shumard. Published by authority of the Legislature, under the direction of the Bureau of geology and mines.
260 0# - PUBLICATION, DISTRIBUTION, ETC.
Place of publication, distribution, etc. Jefferson City,
Name of publisher, distributor, etc. Regan & Carter, printers and binders,
Date of publication, distribution, etc. 1873.
300 ## - PHYSICAL DESCRIPTION
Extent 323 p.
Other physical details plates, 9 fold. maps
Dimensions 26 cm.
500 ## - GENERAL NOTE
General note Raphael Pumpelly, director.
650 #0 - SUBJECT ADDED ENTRY--TOPICAL TERM
Topical term or geographic name entry element Geology
Geographic subdivision Missouri.
650 #0 - SUBJECT ADDED ENTRY--TOPICAL TERM
Topical term or geographic name entry element Mines and mineral resources
Geographic subdivision Missouri.
700 10 - ADDED ENTRY--PERSONAL NAME
Personal name Broadhead, Garland C.
Fuller form of name (Garland Carr),
Dates associated with a name 1827-1912.
700 10 - ADDED ENTRY--PERSONAL NAME
Personal name Meek, F. B.
Fuller form of name (Fielding Bradford),
Dates associated with a name 1817-1876.
700 10 - ADDED ENTRY--PERSONAL NAME
Personal name Shumard, B. F.
Fuller form of name (Benjamin Franklin),
Dates associated with a name 1820-1869.

No items available.

Powered by Koha